Spanish Words #1 - Sudden Death - Statistics

General Stats
  • This quiz has been taken 142 times
    140 since last reset
  • The average score is 13 of 18
Answers on the Grid
Answers color-coded by a green-red scale on the quiz's grid according to % correct below.
Mesa
Armario
Cama
Pierna
Después
Cantar
Aire
Estado
Zapatos
Perro
Mar
Planta
Jirafa
Desayuno
Mes
Viaje
Cascada
Beloso
Senaca
Fafúa
Pabejo
Posía
Olaña
Upret
 
Answer Stats
Answer % Correct
Table Mesa
89%
You
87%
Dog Perro
85%
Shoes Zapatos
83%
To sing Cantar
81%
Plant Planta
79%
Trip Viaje
78%
After Después
74%
State Estado
74%
Bed Cama
73%
Breakfast Desayuno
71%
Month Mes
68%
Sea Mar
66%
Waterfall Cascada
65%
Leg Pierna
62%
Air Aire
60%
Giraffe Jirafa
53%
Cupboard Armario
52%
No matching quizzes found
Score Distribution
Percent of People with Each Score
Percentile by Number Answered
Your Score History
You have not taken this quiz since the last reset